|
|
|
|
| LEADER |
01339nam a2200385 a 4500 |
| 001 |
000604200 |
| 003 |
CZ BrMZK |
| 005 |
20090810140122.0 |
| 007 |
ta |
| 008 |
020604s2002 xr e f cze d |
| 015 |
|
|
|a cnb001123589
|
| 020 |
|
|
|a 80-7226-665-9
|q (brož.) :
|c Kč 296,00
|
| 035 |
|
|
|a (OCoLC)85029331
|
| 040 |
|
|
|a BOA001
|b cze
|c BOA001
|
| 072 |
|
7 |
|a 004.9
|x Speciální počítačové metody. Počítačová grafika
|2 Konspekt
|9 23
|
| 080 |
|
|
|a 004.42Photoshop
|2 MRF
|
| 080 |
|
|
|a 004.92
|2 MRF
|
| 080 |
|
|
|a 004.422.833
|2 MRF
|
| 080 |
|
|
|a (035)
|2 MRF
|
| 100 |
1 |
|
|a Vlach, Martin,
|d 1968-
|7 mzk2002112083
|4 aut
|
| 245 |
1 |
0 |
|a Adobe Photoshop Plugins /
|c Martin Vlach, Petr Švéda
|
| 260 |
|
|
|a Praha :
|b Computer Press,
|c 2002
|
| 300 |
|
|
|a xii, 224 s. :
|b il. (některé barev.) ;
|c 23 cm +
|e 1 CD-ROM
|
| 490 |
1 |
|
|a Co ještě nevíte o-
|
| 490 |
1 |
|
|a DTP & grafika
|
| 650 |
0 |
7 |
|a Adobe Photoshop 6.0
|7 ph136817
|2 czenas
|
| 650 |
0 |
7 |
|a počítačová grafika
|7 ph124503
|2 czenas
|
| 650 |
0 |
7 |
|a pluginy
|7 ph124510
|2 czenas
|
| 655 |
|
7 |
|a příručky
|7 fd133209
|2 czenas
|
| 700 |
1 |
|
|a Švéda, Petr
|7 xx0002985
|4 aut
|
| 830 |
|
0 |
|a Co ještě nevíte o-
|
| 830 |
|
0 |
|a DTP & grafika
|0 s
|
| 910 |
|
|
|a BOA001
|b 2-1103.913
|
| 990 |
|
|
|a BK
|
| 996 |
6 |
|
|b 2610162373
|c 2-1103.913
|l MZK
|r Sklad / do 1 hodiny
|n 0
|p p.v.
|w 000604200
|u 000010
|a 1
|e BOA001
|j MZK50
|s P
|